Introducción a la psicología /

Guardado en:
Autor Principal: Wolff, Werner
Formato: Libro
Publicado: México : Fondo de Cultura Econ¢mica, 1969
Materias:
Etiquetas: Agregar Etiqueta
Sin Etiquetas, Sea el primero en etiquetar este registro!
LEADER 00437nam a22001575a 4500
001 CEM.cems007184
005 20060214000000.0
008 130507s1969##################000#0#####d
003 CEMS
082 0 4 |a 150 
100 1 |a Wolff, Werner 
245 1 0 |a Introducción a la psicología / 
260 |a México :  |b Fondo de Cultura Econ¢mica,  |c 1969 
300 |a 369 p. 
653 |a Psicología 
859 |a CEMS  |b BIB. CEMS - 11 de abril  |h 150  |i W832  |p 16900.93  |t Ej.1